| Tag |
First Indicator |
Second Indicator |
Subfields |
| LEADER |
00000cam a2200000 4500 |
| 001 |
in00000021207 |
| 005 |
20151007061015.0 |
| 008 |
770705s1915 enkcef 00010beng |
| 010 |
|
|
|a 16007034
|
| 035 |
|
|
|a (OCoLC)03092726
|
| 035 |
|
|
|9 AAD0819AM
|
| 040 |
|
|
|a DLC
|c VRU
|d TXA
|d UtOrBLW
|
| 049 |
|
|
|a TXAM
|c [11329]
|
| 050 |
|
0 |
|a ND497.G2
|b W5
|
| 092 |
|
|
|a 759.92
|b G14w
|
| 100 |
1 |
|
|a Whitley, William T.
|q (William Thomas),
|d 1858-1942.
|
| 245 |
1 |
0 |
|a Thomas Gainsborough /
|c by William T. Whitley.
|
| 264 |
|
1 |
|a London :
|b Smith, Elder & co.,
|c 1915.
|
| 300 |
|
|
|a xviii, 417 pages :
|b frontispiece, plates, portraits, plans. ;
|c 23 cm.
|
| 336 |
|
|
|a text
|b txt
|2 rdacontent
|
| 337 |
|
|
|a unmediated
|b n
|2 rdamedia
|
| 338 |
|
|
|a volume
|b nc
|2 rdacarrier
|
| 600 |
1 |
0 |
|a Gainsborough, Thomas,
|d 1727-1788.
|
| 999 |
|
|
|a MARS
|
| 999 |
f |
f |
|s 3c4342c5-cd80-3f5c-b59a-d7df95827e0a
|i 6f8e297c-d6a0-3edc-a5fa-d1273caed47f
|t 0
|
| 952 |
f |
f |
|p ric
|a Texas A&M University
|b Rellis Campus
|c Joint Library Facility
|d Remote Storage
|t 0
|e ND497.G2 W5
|h Library of Congress classification
|i unmediated -- volume
|m A14801158764
|
| 998 |
f |
f |
|a ND497.G2 W5
|t 0
|l Remote Storage
|